Sztuka reklamy
Gespeichert in:
| 1. Verfasser: | |
|---|---|
| Format: | Buch |
| Sprache: | Polnisch |
| Veröffentlicht: |
Kraków
Wydawnictwo i Drukarnia DWN
1997
|
| Schlagworte: | |
| Tags: |
Keine Tags, Fügen Sie das erste Tag hinzu!
|
MARC
| LEADER | 00000nam a2200000 4500 | ||
|---|---|---|---|
| 001 | c123600 | ||
| 005 | 20221124075006.6 | ||
| 020 | |a 83-900525-8-X | ||
| 041 | 0 | |a pol | |
| 044 | |a PL | ||
| 245 | 1 | 0 | |a Sztuka reklamy |
| 264 | 1 | |a Kraków |b Wydawnictwo i Drukarnia DWN |c 1997 | |
| 300 | |a 180 s. | ||
| 610 | 2 | 0 | |a reklama |
| 610 | 2 | 0 | |a propagácia |
| 610 | 2 | 0 | |a marketing |
| 610 | 2 | 0 | |a psychológia reklamy |
| 100 | 1 | |a Goslicki, Jan | |